| 000 | 00986cam a22002894a 4500 | ||
|---|---|---|---|
| 001 | 3576393 | ||
| 005 | 20241030173117.0 | ||
| 008 | 990510s2000 enka b 001 0 eng c | ||
| 020 | _a0471983292 (cased) | ||
| 050 | 0 | 0 |
_aR853.D37 _bC55 2000 |
| 082 | 0 | 0 |
_a610/.285 _221 |
| 245 | 0 | 0 |
_aClinical data management / _cedited by Richard K. Rondel, Sheila A. Varley, Colin F. Webb. |
| 250 | _a2nd ed. | ||
| 260 |
_aChichester ; _aNew York : _bWiley, _cc2000. |
||
| 300 |
_aix, 354 p. : _bill. ; _c24 cm. |
||
| 650 | 0 |
_aMedicine _xResearch _xData processing. |
|
| 650 | 2 | 2 | _aInformation Systems. |
| 650 | 2 | 2 | _aAutomatic Data Processing. |
| 650 | 2 | 2 | _aData Collection. |
| 650 | 2 | 2 | _aData Display. |
| 650 | 2 | 2 | _aQuality Control. |
| 700 | 1 | _aRondel, R. K. | |
| 700 | 1 | _aVarley, S. A. | |
| 856 | 4 | 2 |
_3Publisher description _uhttp://www.loc.gov/catdir/description/wiley032/99031926.html |
| 856 | 4 |
_3Table of Contents _uhttp://www.loc.gov/catdir/toc/onix03/99031926.html |
|
| 942 |
_2lcc _cBK _n0 |
||
| 999 |
_c396 _d396 |
||